000 00666nam a2200241Ia 4500
003 OSt
005 20220918201823.0
006 a|||||r|||| 00| 0
007 ta
008 220917b |||||||| |||| 00| 0 eng d
024 _a96,717
037 _cTextual
040 _aARTS
_cARTS
_beng
041 _2eng
_aeng
082 _aV2:1:L1z7, J2;K4
100 _aElliott H M
245 0 _aHistory of India , as told by its own historians the Muhammadan period
_b the posthumous papers, ed by John Dowson
250 _a2nd
260 _c1952
650 _aHISTORY
942 _hV2:1:L1z7, J2;K4
_cTEXL
_2CC
999 _c220318
_d220318